00948nam a2200265 i 450000500170000000700030001700800410002002000150006104000350007604100080011108400120011924501280013125000220025926400490028130000250033033600270035533700330038233800280041549000240044365000380046765000430050565000440054865000570059270000330064920220316235242.0ta121119s2003 mx gr 000 0 spa  a9681603273 aCO-BoRNBPbspaerdacCO-BoRNBP0 aspa aLM POP100aPopol Vuhblas antiguas historias del Quichectraducidas del texto original con introducción y notas por Adrían Recinos aPrimera edición 1aMéxicobFondo de Cultura Económicac2003 a185 páginasc17 cm atextobtxt2rdacontent asin mediaciónbn2rdamedia avolumenbnc2rdacarrier0 aColección popular17aMitología mayazGuatemala2LEMB17aMayasxReligión y mitología 2LEMB142LEMBaQuichesxReligión y mitología17aLiteratura infantil latinoamericanazGuatemala2LEMB1 aRecinos, Adriánetraductor